Legal aspects of businees / (Record no. 77002)

MARC details
000 -LEADER
fixed length control field 00545nam a22001937a 4500
005 - DATE AND TIME OF LATEST TRANSACTION
control field 20130627111436.0
010 ## - LCCN (DPL NO)
LC control number ENG-107745
020 ## - INTERNATIONAL STANDARD BOOK NUMBER
International Standard Book Number 9781259026584
Terms of availability 550.00
020 ## - INTERNATIONAL STANDARD BOOK NUMBER
International Standard Book Number 1259026582
Terms of availability 550.00
035 ## - SYSTEM CONTROL NUMBER
System control number EN-91278
037 ## - SOURCE OF ACQUISITION
Source of stock number/acquisition DBAD/PUB
100 ## - MAIN ENTRY--PERSONAL NAME
Personal name Pathak, Akhileshwar
245 ## - TITLE STATEMENT
Title Legal aspects of businees /
Statement of responsibility, etc by Akhileshwar Pathak
250 ## - EDITION STATEMENT
Edition statement 5th ed.
260 ## - PUBLICATION, DISTRIBUTION, ETC. (IMPRINT)
Name of publisher, distributor, etc Tata McGraw Hill
Date of publication, distribution, etc 2013
Place of publication, distribution, etc New Delhi
270 ## - ADDRESS
Address P-24, Green Park Extnsion
City New Delhi
Postal code 110016
300 ## - PHYSICAL DESCRIPTION
Extent xxx,784p.
Dimensions 23cm(pbk)
Other physical details ill.
942 ## - ADDED ENTRY ELEMENTS (KOHA)
Source of classification or shelving scheme Dewey Decimal Classification
Item type English Books
Call number suffix PAT
Holdings
Withdrawn status Lost status Not for loan Collection code Home library Current library Date acquired Source of acquisition Cost, normal purchase price Full call number Barcode Copy number Cost, replacement price Koha item type
    Not For Loan Non-fiction D.B.Act.Division D.B.Act.Division 27/06/2013 DBAD / PUB 550.00 PAT EN-91278 1 550.00 English Books

© Delhi Public Library
Hit Counter
free hit counter